LEADER 01525nam a2200325 u 4500 001 000000025243 003 CaOOAMICUS 005 20070226111437.0 008 950701s1961 it d u000 u fre u 035 $a10645081 040 $aPUL(R)$bita$dPUL(R) 100 1 $aSiwek, Pawel,$cS.I.,$d1893-1986.$0(OLS)http://pul/name/435 245 14$aLes manuscrits grecs des Parva naturalia d'Aristote /$cPaul Siwek ; préface de M. Augustin Mansion. 260 $aRoma :$bDesclée,$c1961. 300 $a150 p. :$bdiagr. ;$c25 cm 490 1 $aCollectio philosophica Lateranensis ;$v4 500 $aContiene indici. 504 $aBibliografia in nota. 600 04$aAristoteles,$d384-322 a.C.$tParva naturalia$9(Aristoteles, 384-322 a.C.)$xCritica testuale.$0(OLS)http://pul/subject/14966 700 1 $aMansion, Augustin,$csac.$0(OLS)http://pul/name/20965 830 0$aCollectio philosophica Lateranensis ;$v4.$0(OLS)http://pul/title/731 850 $aPUL 852 $aPUL$W1$xDP1 Fondo Giannini$y60$m1553 G 4$j35336$nBK-PRI$b $qFondi$B35336$CPULBib$Z2$F35336 $H $81 852 $aPUL$W1$xSL Filosofia 2$y80$mPhil A17 4$j35337$nBK-PRI$b $qStampati altre collocazioni$B35337$CPULBib$Z2$F35337 $H $81 941 1 $a10 941 1 $a1 961 $aINV: F: Giannini 961 $aINV: 24638 996 $6245$aLes manuscrits grecs des Parva naturalia d'Aristote$9(OLS)http://pul/title/34789 996 $6260$aRoma :$bDesclée$9(OLS)http://pul/publisher/48185 LEADER 01413nam a2200301 u 4500 001 000000044553 003 CaOOAMICUS 005 20070226114549.0 008 990428s1993 it u000 u ita u 035 $a10821682 040 $aPUL(R)$bita 245 02$aI maestri del chassidismo :$binsegnamento, vita, leggenda.$nI,$pIsrael Baal Shem Tov, Dov Bär di Meseritz /$ca cura di Daniela Leoni. 246 33$aIsrael Baal Shem Tov, Dov Bär di Meseritz 260 $aRoma :$bCittà Nuova,$c1993. 300 $a362 p. ;$c20 cm 490 1 $aBiblioteca Chassidica ;$v2 490 1 $aTradizione d'Israele ;$v8 650 4$aEbrei$xCiviltà$xStoria.$0(OLS)http://pul/subject/19342 700 1 $aLeoni, Daniela.$0(OLS)http://pul/name/32502 830 0$aTradizione d'Israele ;$v8.$0(OLS)http://pul/title/19556 830 0$aBiblioteca Chassidica ;$v2.$0(OLS)http://pul/title/60057 850 $aPUL 852 $aPUL$W1$xSL Diritto e Scienze Sociali 1$y4$m210 B 40$j59944$nBK-PRI$b $qStampati$B59944$CPULBib$Z2$F59944 $H $81 941 1 $a8 961 $aINV: 70523 996 $6245$aI maestri del chassidismo :$binsegnamento, vita, leggenda.$nI,$pIsrael Baal Shem Tov, Dov Bär di Meseritz$9(OLS)http://pul/title/60055 996 $6246$aIsrael Baal Shem Tov, Dov Bär di Meseritz$9(OLS)http://pul/title/60056 996 $6260$aRoma :$bCittà Nuova$9(OLS)http://pul/publisher/47927